000
00463nam a2200145Ia 4500
008
100204s9999 xx 000 0 und d
082
_b
10248
100
_a
फडके वि. के.
245
_a
न संपणारा आनंद
260
_b
"शकुन प्रकाशन , पुणे 30"
_c
1985
300
_a
32
630
_a
न संपणारा आनंद
730
_a
न संपणारा आनंद
942
_c
BOOK
999
_c
454684
_d
454681